Záujem o slovenské produkty postupne rastie

Slováci stále intenzívnejšie sledujú pri svojich každodenných nákupoch pôvod kupovaných produktov. Svoju úlohu v tom napĺňajú projekty, ktoré podporujú predaj domácej slovenskej produkcie.

Enregistré dans:
Détails bibliographiques
Auteur principal: Kuklová, Jana
Format: Chapitre de livre
Langue:slovaque
Sujets:
Tags: Ajouter un tag
Pas de tags, Soyez le premier à ajouter un tag!

MARC

LEADER 00000naa a2200000 4500
001 0177909
005 20231208065900.2
041 0 |a slo 
044 |a SK 
245 1 0 |a Záujem o slovenské produkty postupne rastie  |c Jana Kuklová 
520 |a Slováci stále intenzívnejšie sledujú pri svojich každodenných nákupoch pôvod kupovaných produktov. Svoju úlohu v tom napĺňajú projekty, ktoré podporujú predaj domácej slovenskej produkcie. 
610 2 0 |a spotrebitelia 
610 2 0 |a správanie spotrebiteľa 
610 2 0 |a nákup 
610 2 0 |a produkty 
610 2 0 |a potraviny 
610 2 0 |a pôvod tovaru 
100 1 |a Kuklová, Jana